000 00567nam a2200193 a 4500
001 000036792
003 OSt
005 20201202085646.0
008 120201s1985 xxua 000 0 spa d
040 _aDO-SdBNP
_bspa
_cBNPHU
100 1 _aZiff, Morris
_963131
245 1 4 _aThe spondyloarthropathies /
_cMorris Ziff, Stanley B.
260 _aNew York :
_bRaven Press,
_c1985.
300 _a272 p. :
_bil. ;
_c23 cm.
490 1 _aAdvances in inflammation
_v9
700 1 _aCohen, Stanley B.
_963132
800 0 _aAdvances in inflammation
_n9
_963133
942 _2ddc
_cLBS1
999 _c36283
_d36283